Central Library OPAC University of Rajshahi

The art of travel, or, Shifts and contrivances available in wild countries / (Record no. 22328)

MARC details
000 -LEADER
fixed length control field 00783nam a2200241 a 4500
001 - CONTROL NUMBER
control field 22328
003 - CONTROL NUMBER IDENTIFIER
rucl marc code BD-RjUL
005 - DATE AND TIME OF LATEST TRANSACTION
control field 20211209000808.0
008 - FIXED-LENGTH DATA ELEMENTS--GENERAL INFORMATION
fixed length control field 140308s1860 enka 001 0 eng d
035 ## - SYSTEM CONTROL NUMBER
System control number (BD-RjUL)22393
040 ## - CATALOGING SOURCE
Original cataloging agency PLF
Transcribing agency PLF
Modifying agency EUX
-- BD-RjUL
Language of cataloging eng
041 ## - LANGUAGE CODE
Language code of text/sound track or separate title eng
082 ## - DEWEY DECIMAL CLASSIFICATION NUMBER
Classification number 910.4
Author mark and year GAA
100 1# - MAIN ENTRY--PERSONAL NAME
Personal name Galton, Francis,
Dates associated with a name 1822-1911.
9 (RLIN) 37486
245 14 - TITLE STATEMENT
Title The art of travel, or, Shifts and contrivances available in wild countries /
Statement of responsibility, etc. by Francis Galton.
260 ## - PUBLICATION, DISTRIBUTION, ETC. (IMPRINT)
Place of publication, distribution, etc. London :
Name of publisher, distributor, etc. J. Murray,
Date of publication, distribution, etc. 1867.
300 ## - PHYSICAL DESCRIPTION
Pagination vxviii, 298 p :
Illustrations ill ;
Size 18 cm.
504 ## - BIBLIOGRAPHY, ETC. NOTE
Bibliography, etc Includes index
650 #0 - SUBJECT ADDED ENTRY--TOPICAL TERM
Topical term or geographic name as entry element Outdoor life.
9 (RLIN) 68949
Topical term or geographic name as entry element Travel.
9 (RLIN) 68950
856 41 - ELECTRONIC LOCATION AND ACCESS
Materials specified Bodleian Library Dunston F 686
Uniform Resource Identifier <a href="http://purl.ox.ac.uk/uuid/69c7c179e3e14e59b70820c2bc2cff06">http://purl.ox.ac.uk/uuid/69c7c179e3e14e59b70820c2bc2cff06</a>
942 ## - ADDED ENTRY ELEMENTS (KOHA)
Source of classification or shelving scheme Dewey Decimal Classification
Koha item type Books
Holdings
Lost status Source of classification or shelving scheme Damaged status Not for loan Collection code Permanent Location Current Location Shelving location Date acquired Source of acquisition Cost, normal purchase price Total Checkouts Full call number Date last seen Copy number Koha item type
  Dewey Decimal Classification   Added to bundle Non-fiction Central Library, University of Rajshahi Central Library, University of Rajshahi Reading Room 14/01/1963 A.Q Querishe 0.00   910.4 GAA 1860 08/03/2014 C-1 Books